Merrill Pre-Algebra : A transition to algebra

Đã lưu trong:
Bibliografiske detaljer
Format: Bog
Sprog:Undetermined
Udgivet: New York Glencoe/McGraw-Hill 1995
Fag:
Tags: Tilføj Tag
Ingen Tags, Vær først til at tagge denne postø!
Thư viện lưu trữ: Trung tâm Học liệu Trường Đại học Cần Thơ
LEADER 00486nam a2200181Ia 4500
001 CTU_117033
008 210402s9999 xx 000 0 und d
082 |a 372.7 
082 |b M571 
245 0 |a Merrill Pre-Algebra : 
245 2 |b A transition to algebra 
260 |a New York 
260 |b Glencoe/McGraw-Hill 
260 |c 1995 
650 |a Mathematics 
650 |x Study and teaching (elementary) 
904 |i Giang 
980 |a Trung tâm Học liệu Trường Đại học Cần Thơ